[Event "Odesa Chess Day Blitz"]
[Site "Chess.com INT"]
[Date "2022.07.20"]
[Round "9"]
[White "Budnikov, Oleg"]
[Black "Zhukova, Natalia"]
[Result "1-0"]
[WhiteElo "2393"]
[BlackElo "2335"]
[PlyCount "39"]
[EventDate "2022.07.20"]
[EventType "swiss (blitz)"]
[EventRounds "9"]
[EventCountry "UKR"]
[SourceTitle "CBM 209 Extra"]
[Source "ChessBase"]
[SourceDate "2022.09.30"]
[SourceVersion "1"]
[SourceVersionDate "2022.09.30"]
[SourceQuality "1"]

1. e4 e5 2. Nf3 Nc6 3. Bb5 a6 4. Bxc6 dxc6 5. Nc3 Bd6 6. d4 exd4 7. Qxd4 f6 8. Be3 Ne7 9. 0-0-0 Ng6 10. Qc4 Qe7 11. Nd4 Ne5 12. Qe2 g6 13. h3 Bd7 14. f4 Nf7 15. Nb3 0-0-0 16. Qf2 h5 17. Bc5 h4 18. Bxd6 Nxd6 19. Qa7 Be6 20. Nc5 1-0

[Event "Odesa Chess Day Blitz"]
[Site "Chess.com INT"]
[Date "2022.07.20"]
[Round "6"]
[White "Golubev, Mikhail"]
[Black "Budnikov, Oleg"]
[Result "0-1"]
[WhiteElo "2461"]
[BlackElo "2393"]
[PlyCount "54"]
[EventDate "2022.07.20"]
[EventType "swiss (blitz)"]
[EventRounds "9"]
[EventCountry "UKR"]
[SourceTitle "CBM 209 Extra"]
[Source "ChessBase"]
[SourceDate "2022.09.30"]
[SourceVersion "1"]
[SourceVersionDate "2022.09.30"]
[SourceQuality "1"]

1. e4 e6 2. d4 d5 3. Nc3 Bb4 4. e5 Ne7 5. a3 Bxc3+ 6. bxc3 c5 7. a4 Nbc6 8. Nf3 Qa5 9. Bd2 Bd7 10. Bb5 Qc7 11. 0-0 0-0 12. Bc1 f6 13. exf6 Rxf6 14. Bg5 Rf7 15. Qd2 Raf8 16. Rae1 Ng6 17. Bd3 Rxf3 18. gxf3 Nf4 19. Bxf4 Rxf4 20. Re5 Rh4 21. f4 Nxe5 22. fxe5 Qd8 23. Kh1 Bxa4 24. dxc5 d4 25. cxd4 Qxd4 26. Qg5 Rg4 27. Qh5 Bc6+ 0-1